| 000 | 01128nam a22002657a 4500 | ||
|---|---|---|---|
| 003 | OSt | ||
| 005 | 20250411103615.0 | ||
| 008 | 240913b ||||| |||| 00| 0 eng d | ||
| 040 | _c0 | ||
| 082 | _aDPer 621.317 Ie21 December 2022 v.37 n. 12 part 1&2. | ||
| 100 |
_aHou, Xinyu. _eauthor. _961037 |
||
| 245 |
_aA dual-frequency dual-load multirelay magnetic coupling wireless power transfer system using shared power channel / _cXinyu Hou, Zhihui Wang, Yugang Su, Zhe Liu, and Zhipeng Deng. |
||
| 260 |
_aNew York ; _bThe Institute of Electrical and Electronics Engineers, Inc., _cDecember 2022. |
||
| 300 |
_avolume 37, pages 15717-15727, _billustration. |
||
| 500 | _aIEEE Transactions on Power Electronics, v. 37 n. 12, pages 15717-15727, December 2022. | ||
| 650 | 0 |
_aCouplings. _966353 |
|
| 650 | 0 |
_aEvaluation index. _966354 |
|
| 650 | 0 |
_awireless power transfer (WPT). _966355 |
|
| 700 |
_aHou, Xinyu. _eauthor. _961037 |
||
| 700 |
_aWang, Zhihui. _eauthor. _961038 |
||
| 700 |
_aSu, Yugang. _eauthor. _961039 |
||
| 700 |
_aLiu, Zhe. _eauthor. _961040 |
||
| 700 |
_aDeng, Zhipeng. _eauthor. _961041 |
||
| 942 |
_2ddc _cPER |
||
| 999 |
_c21627 _d21627 |
||